| 000 | 00319nam a22001337a 4500 | ||
|---|---|---|---|
| 020 | _qPB. | ||
| 040 | _cFizza Ishaq | ||
| 082 |
_a006.312 _bROG |
||
| 100 |
_aPeng, Roger. _9111780 |
||
| 245 |
_aExploratory Data Analysis Using R. / _cRoger Peng. |
||
| 260 |
_bLulu.com, _c2018. |
||
| 300 | _a547 p. ; | ||
| 942 |
_2ddc _cBK |
||
| 999 |
_c594456 _d594456 |
||